000 00605nam a2200241Ia 4500
003 OSt
005 20220924152825.0
006 a|||||r|||| 00| 0
007 ta
008 220923b |||||||| |||| 00| 0 guj d
024 _a344884
037 _cTextual
040 _aARTS
_cARTS
_bguj
041 _2guj
_aguj
082 _aO156,1M7x, J1
100 _aPremchand
_964091
245 0 _aSudama charitra
260 _c1951
650 _aGUJRATI LITERATURE
700 _a Narsimha
_9227570
942 _hO156,1M7x, J1
_cTEXL
_2CC
999 _c471150
_d471150